| 000 | 00452nam a2200157 4500 | ||
|---|---|---|---|
| 001 | 137301 | ||
| 003 | ES-MaACL | ||
| 005 | 20230906195340.0 | ||
| 007 | t| | ||
| 008 | 070214s1970 sp r ||||1| spa d | ||
| 100 | 1 |
_aSanabre, Josep. _9102316 |
|
| 245 | 1 | 0 |
_aResistencia del Roselló a incorporarse a França / _cJosé Sanabre Sanroma. |
| 260 |
_aBarcelona : _bBarcino, _c1970. |
||
| 300 |
_a188 p. ; _c19 cm. |
||
| 852 |
_aES-MaACL _jC-50689 _bR.73589 |
||
| 999 |
_c137301 _d137301 |
||